Alphabetical States by Area Quiz Stats

 Plays Quiz Updated Jan 6, 2019

     
Support Sporcle.
Go Orange.
Score 0/50 Timer 04:00
1 Play Today
State % Correct
AAlaska
97.7%
AAlabama
91.5%
CCalifornia
90.7%
GGeorgia
90.5%
FFlorida
90.4%
DDelaware
90.3%
HHawaii
89.5%
AArizona
88.8%
AArkansas
88.6%
CConnecticut
86.5%
KKentucky
85.5%
KKansas
85.1%
CColorado
85%
IIllinois
84.5%
IIndiana
84.5%
LLouisiana
84.1%
IIdaho
83.5%
IIowa
82%
MMontana
79.8%
MMichigan
67.7%
MMinnesota
61.6%
NNew Mexico
60%
RRhode Island
59.3%
MMaine
58.8%
OOregon
58.5%
State % Correct
PPennsylvania
58.1%
MMissouri
57.7%
UUtah
57.2%
TTexas
57.1%
OOhio
56.4%
MMaryland
56.3%
MMassachusetts
55.8%
TTennessee
54.6%
MMississippi
54.6%
VVirginia
54.5%
SSouth Dakota
54.3%
VVermont
54.2%
SSouth Carolina
53.1%
NNevada
53%
OOklahoma
51.9%
NNorth Dakota
48.9%
NNew York
47.4%
WWyoming
47%
NNebraska
46.7%
WWashington
46.2%
NNew Jersey
44.3%
NNorth Carolina
43.5%
WWest Virginia
43.5%
NNew Hampshire
43.2%
WWisconsin
39.1%

From the Vault

'Hotel California' Lyrics

by sproutcm

Music 10m
We're not so sure about this Hotel California. Anyone check the reviews on Yelp?
Remove Ads.
Support Sporcle.
Get the best of Sporcle when you Go Orange. This ad-free experience offers more features, more stats, and more fun while also helping to support Sporcle. Thank you for becoming a member.

Show Comments

Extras

Top Quizzes Today


Score Distribution

Your Account Isn't Verified!

In order to create a playlist on Sporcle, you need to verify the email address you used during registration. Go to your Sporcle Settings to finish the process.

Report this User

Report this user for behavior that violates our Community Guidelines.

Details: